000 00752nam a2200169 a 4500
001 000042687
005 20250403134617.0
008 140205s1998 sp ac 000 0 spa d
020 _a8477881987
040 _aDO-SdBNP
_bspa
_cBNPHU
245 0 3 _aLa Biblioteca de Castilla-La Mancha. /
_ctextos Dirección General de Cultura; fotos Carlos González Arredondo, José María Moreno Santiago.
260 _a[España], :
_bConsejería de Educación y Cultura
_bFundación de Bienes Culturales de Castilla-La Mancha,
_c1998.
300 _a133 p. :
_bil., retrs. ;
_c33 cm.
710 1 2 _aRepública Dominicana.
_bDirección General de Cultura.
_969989
700 1 2 _aGonzález Arredondo, Carlos
_efot.
_969990
700 1 2 _aMoreno Santiago, José María
_efot.
_969991
999 _c42176
_d42176